000 00956nam a22002417a 4500
999 _c65883
_d65883
005 20240530110848.0
008 201027s2020 ua f f b 000 0 ara d
017 _a2019/15297
_bمصر. دار الكتب
020 _a9789777537575
040 _aEG-CaGPL
_cEG-CaGPL
082 0 4 _221
_a610.9530738/
_bق/م أ
100 0 _aمصطفى على ابراهيم دويدار
245 1 2 _aالاطباء فى مصر فى العصر الفاطمى /
_cمصطفى على ابراهيم دويدار
250 _aط.1
260 _aالقاهرة :
_bدار الوفاء لدنيا الطباعة و النشر،
_c2020.
300 _a276 ص. :
_bلوحات ؛
_c24 سم .
504 _aيشتمل على ارجاعات ببليوجرافية
650 0 7 _2qrmak
_aالاطباء
650 0 7 _2qrmak
_aالاطباء
_xتاريخ
_zمصر
_yالعصر الفاطمى
651 _2qrmak
942 _2ddc
_cBK